logo

Bir Sreshtho Munshi Abdur Rouf Library
Jhenaidah Cadet College

Sports injuries / (Record no. 7632)

MARC details
000 -LEADER
fixed length control field 00761nam a22002891 4500
001 - CONTROL NUMBER
JCCL Control Number 7632
003 - CONTROL NUMBER IDENTIFIER
JCCL marc code UkOxU
005 - DATE AND TIME OF LATEST TRANSACTION
control field 20190321094532.0
008 - FIXED-LENGTH DATA ELEMENTS--GENERAL INFORMATION
fixed length control field 921109s1986 enk 000 0 eng d
020 ## - INTERNATIONAL STANDARD BOOK NUMBER
International Standard Book Number 0412239507
035 ## - SYSTEM CONTROL NUMBER
system control number CURL Interim file ISBN04 record 115021
040 ## - CATALOGING SOURCE
Original cataloging agency BD-JhCC
Modifying agency BD-JhCC
041 ## - LANGUAGE CODE
Language code of Book eng
082 ## - DEWEY DECIMAL CLASSIFICATION NUMBER
Classification number 617.1027
Author mark and Year MIL 1966
100 ## - MAIN ENTRY--PERSONAL NAME
Personal name milroy, Patrick
245 00 - TITLE STATEMENT
Title Sports injuries /
Remainder of title and their treatment
Statement of responsibility, etc Patrick milroy
260 ## - PUBLICATION, DISTRIBUTION, ETC. (IMPRINT)
Place of publication, distribution, etc London :
Name of publisher, distributor, etc Chapman & Hall,
Date of publication, distribution, etc 1986
300 ## - PHYSICAL DESCRIPTION
Pagination 80 p. :
Dimensions 24 cm.
650 #0 - SUBJECT ADDED ENTRY--TOPICAL TERM
Topical term or geographic name as entry element Sports medicine
650 #0 - SUBJECT ADDED ENTRY--TOPICAL TERM
Topical term or geographic name as entry element Sports injuries
650 #0 - SUBJECT ADDED ENTRY--TOPICAL TERM
Topical term or geographic name as entry element Sports injuries
700 1# - ADDED ENTRY--PERSONAL NAME
Personal name Helal, Basil,
Dates associated with a name 1927-
700 1# - ADDED ENTRY--PERSONAL NAME
Personal name King, John.
700 1# - ADDED ENTRY--PERSONAL NAME
Personal name Grange, William
942 ## - ADDED ENTRY ELEMENTS (KOHA)
Source of classification or shelving scheme Dewey Decimal Classification
Koha item type Books
Holdings
Source of classification or shelving scheme Damaged status Not for loan Home library Current library Shelving location Date of accession Total Checkouts Full call number Barcode Date last seen Copy number Koha item type
Dewey Decimal Classification     JCC Rouf Library JCC Rouf Library General Stacks 02/12/2018   617.1027 MIL 1966 10182 02/12/2018 C - 1 Books

JCC Library | Contacts | JCC Home

Last Update on 23 September 2017
Copyright @ 2017-2020 JCC Rouf Library
Rouf Library, Jhenidah Cadet College (JCC), Bangladesh